Successful Crowdfunding Campaigns: The Role of Project Specifics, Competition and Founders' Experience
Crowdfunding založený na odmeňovaní a Kickstarter. Identifikácia základných a nových determinantov úspešných crowdfundingových kampaní na portáli Kickstarter na údajoch z obdobia 04/2009-04/2017 pomocou empirického logit modelu na testovanie kauzality a štatistickej významnosti vybraných faktorov. K...
Enregistré dans:
| Auteur principal: | |
|---|---|
| Autres auteurs: | |
| Format: | Chapitre de livre |
| Langue: | anglais |
| Sujets: | |
| Tags: |
Pas de tags, Soyez le premier à ajouter un tag!
|
MARC
| LEADER | 00000nla a2200000 4500 | ||
|---|---|---|---|
| 001 | 0247528 | ||
| 005 | 20240417075145.1 | ||
| 041 | 0 | |a eng | |
| 044 | |a CZ | ||
| 245 | 1 | 0 | |a Successful Crowdfunding Campaigns: The Role of Project Specifics, Competition and Founders' Experience |c Jan Janků, Zuzana Kučerová |
| 520 | |a Crowdfunding založený na odmeňovaní a Kickstarter. Identifikácia základných a nových determinantov úspešných crowdfundingových kampaní na portáli Kickstarter na údajoch z obdobia 04/2009-04/2017 pomocou empirického logit modelu na testovanie kauzality a štatistickej významnosti vybraných faktorov. Konkurencia medzi projektmi. Skúsenosti zakladateľov. | ||
| 610 | 2 | 0 | |a financovanie |
| 610 | 2 | 0 | |a crowdfunding |
| 610 | 2 | 0 | |a internet |
| 610 | 2 | 0 | |a podnikanie |
| 610 | 2 | 0 | |a start-up |
| 610 | 2 | 0 | |a informácie |
| 610 | 2 | 0 | |a inovácia |
| 610 | 2 | 0 | |a konkurencia |
| 610 | 2 | 0 | |a kampane reklamné |
| 610 | 2 | 0 | |a modelovanie ekonometrické |
| 610 | 2 | 0 | |a analýza empirická |
| 100 | 1 | |a Janků, Jan | |
| 700 | 1 | |a Kučerová, Zuzana | |